00000000nam 2200000zi 4500
0019.867648
003CaOODSP
00520221107162353
006m     o  d f      
007cr nn|||||||||
008190128t19831984onc     ob   f000 0 fre d
020 |z0660912511|q(imprimé)
040 |aCaOODSP|bfre|erda|cCaOODSP
041 |afre|beng
043 |an-cn---
0861 |aM38-13/83-5F-PDF|zM38-13/83-5F
1001 |aCollings, R. K., |eauteur.
24510|aProblèmes et aspects favorables des minéraux industriels / |cR.K. Collings et P.R.A. Andrews.
264 1|aOttawa, Canada : |bCentre canadien de la technologie des minéraux et de l'énergie = Canada Centre for Mineral and Energy Technology, |c1983.
264 4|c©1984
300 |a1 ressource en ligne (iv, 48 pages).
336 |atexte|btxt|2rdacontent/fre
337 |ainformatique|bc|2rdamedia/fre
338 |aressource en ligne|bcr|2rdacarrier/fre
4901 |aCANMET rapport ; |v83-5F
500 |aPublié aussi en anglais sous le titre : Industrial minerals: problem areas and opportunities.
500 |aTitre de la couverture.
500 |a« Mars 1983. »
500 |aPublié par : Programme de recherche sur les minéraux et Laboratoires des sciences minérales.
500 |aÉdition numérisée de l'imprimé [par Ressources naturelles Canada].
504 |aComprend des références bibliographiques (pages 5-6).
546 |aComprend un résumé en anglais.
69207|2gccst|aIndustrie minière
7001 |aAndrews, P. R. A., |eauteur.
7101 |aCanada. |bÉnergie, mines et ressources Canada.
7102 |aCentre canadien de la technologie des minéraux et de l'énergie.
7102 |aProgramme de recherche sur les minéraux (Canada)
7102 |aLaboratoires des sciences minérales (Canada)
77508|tIndustrial minerals : |w(CaOODSP)9.867647
830#0|aRapport CANMET ;|v83-5F.|w(CaOODSP)9.864716
85640|qPDF|s3.04 Mo|uhttps://publications.gc.ca/collections/collection_2019/rncan-nrcan/m38-13/M38-13-83-5-fra.pdf
986 |a307231